Sklářské hutě středověku na Českolipsku a Děčínsku

Titel: Sklářské hutě středověku na Českolipsku a Děčínsku
Verfasser:
In: Bezděz, Band 6 (1997), Seite 41-60
alle Artikel anzeigen
Veröffentlicht: 1997
Format: Aufsatz
Sprache: Tschechisch
Kein Bild verfügbar
X
alg: 39303798
001A    $01999:11-11-16 
001B    $01999:28-04-21 $t19:30:55.000 
001C    $06050:19-11-16 $t22:31:01.000 
001D    $01999:11-11-16 
001U    $0utf8 
001X    $00 
002@    $0Aox 
003@    $0393037983 
007A    $0393037983 $aHEB 
007T    $0Herdp06606 
010@    $acze 
011@    $a1997 
021A    $aSklářské hutě středověku na Českolipsku a Děčínsku 
028A    $aGelnar $dMichal 
031A    $d6 $h41-60 $j1997 
037A    $aněm. res. 58-59: Mittelalterliche Glashütten auf dem Gebiet des Bezirkes Česká Lípa 
039B    $aIn $8--Abvc--. Bezděz. - Česká Lípa, 1990-. - ISSN 1211-9172 $x199700000060000959 $905908720X 
045F    $a330.094371 $eDDC23BSB 
045F/01 $a330.09 
045F/03 $g4371 
045T    $a7,41 

lok: 39303798 78

exp: 39303798 78 1 #EPN
201B/01 $023-11-20 $t22:51:01.000 
201U/01 $0utf8 
203@/01 $0789148293 
208@/01 $a11-11-16 $be 
209A/01 $a/ $f000 $x00 
220C/01 $aHerkunft: Hú Av Čr Praha 
244Z/01 $#Tschechien $#Tschechische Republik $#Tschechische Republik $#Tschechenland $#Tschechei Tschechien $#Česká Republika $#Czech Republic $#ČR $74303381-7 $8--Tg1--Tschechien $x01 $9086659812 
244Z/01 $2Trx $#Böhmen $#Bohemia $#Czechy $8--Trx--Čechy $x02 $9391188941 
244Z/01 $#Okres Česká Lípa $#Česká Lípa, Okresní Úřad Okres $#Okresní Úřad Česká Lípa, Okres $#Česká Lípa, Kreisamt Okres $#Kreisamt Česká Lípa, Okres $710180096-4 $8--Tg1--Česká Lípa$gOkres $x03 $9190247541 
244Z/01 $2Trx $#Tetschen Region $8--Trx--Děčínsko $x04 $9391181505 
244Z/01 $2Trx $#klaasitootmine $#stiklo gamyba $#glas manufacturing $#üveggyártás $#hutnictwo szkła $#sklárstvo $#výroba skla $#produkcja szkła $8--Trx--Glasherstellung $x05 $9391367714 
244Z/01 $2Trx $8--Trx--Zeitschriftenaufsatz $x06 $9391384341 
245Z/01 $a09.04 $x01 
247C/01 $82080>Marburg/Lahn, Herder-Institut, Forschungsbibliothek, Bibliographieportal $9336309341
LEADER 00000caa a22000002c 4500
001 393037983
003 DE-603
005 20210428193055.0
007 tu
008 161111s1997 xx |||| | u00||u|cze c
035 |a (DE-599)HEB393037983 
040 |a DE-603  |b ger  |c DE-603  |d DE-603 
041 |a cze 
082 0 4 |8 1\u  |a 330.094371  |q DE-101  |2 23/BSB 
084 |a 7,41  |2 ssgn 
085 |8 1\u  |b 330.09 
085 |8 1\u  |z 2  |s 4371 
100 1 |a Gelnar, Michal 
245 0 0 |a Sklářské hutě středověku na Českolipsku a Děčínsku 
264 0 |c 1997 
500 |a něm. res. 58-59: Mittelalterliche Glashütten auf dem Gebiet des Bezirkes Česká Lípa 
773 0 8 |i In  |t Bezděz  |d Česká Lípa, 1990-  |x 1211-9172  |g Band 6 (1997), Seite 41-60  |w (DE-603)05908720X  |w (DE-600)1136222-4 
924 0 |9 2080  |a (DE-603)789148293  |b DE-2080  |c HES  |d d  |g /